000 00582nam a2200217Ii 4500
003 JO-AjNU
008 230606s9999||||xx |||||||||||||| ||und||
020 _a81-7581-214-1
040 _aJO-AjNU
_beng
_erda
_cJO-AjNU
041 _aeng
050 1 4 _aPS2384.B44 1999
100 3 _alall ,Ramji,
_eauthor
_93004
245 0 0 _aBilly Budd Sailor
250 _a4 ed
264 3 1 _aNew Delhi:rama brothers ,1999
300 _a210p
336 _atext
_btxt
_2rdacontent
337 _aunmediated
_bn
_2rdamedia
338 _avolume
_bnc
_2rdacarrier
650 4 _aBilly Budd Sailor
_93005
999 _aE1576
_c1576
_d1576